000 00980nam a2200229Ia 4500
999 _c53273
_d53273
001 20314
003 GE_BSU
005 20200906171048.0
008 181216s1986||||ge |||||||||||||| ||geo||
040 _cGE_BSU
041 _ageo
080 _a003.07(=353.1) გ-69
100 _aგორდელაძე, გ.
_97668
245 _aმეთოდური მითითებანი ქართული შრიფტის შესასწავლად /
_cგ. გორდელაძე.
264 _aთბილისი :
_b[?],
_c1986.
300 _a35 გვ. :
_b 12 ფ. ილ. ;
_c 20 სმ.
541 _h3 ლ.
653 _aმეთოდური მითითებანი ქართული შრიფტის შესასწავლად
653 _aქართული ენა
710 _aსაქართველოს სსრ კულტურის სამინისტრო
_94239
942 _cBK
_2udc